000 00679nam a22001817a 4500
003 PILC
005 20150601152039.0
008 150601b xxu||||| |||| 00| 0 eng d
020 _a9781285173412
050 _aLB 1573.7
_b.J45 2014
100 _aJefferies, Catherine Mazur.
245 _aReading and vocabulary focus 4 /
_cCatherine Mazur-Jefferies ; series consultant Lawrence J. Zwier.
260 _aBoston :
_bNational Geographic Learning,
_c2014.
300 _axiii, 228 pages :
_billustrations (chiefly color) ;
_c27 cm.
500 _aIncludes bibliographical references and index.
650 _aReading comprehension
_xProblems, exercises, etc.
942 _2lcc
_cBK
_kFOR
999 _c284563
_d284563